Capitani delle squadre vincitrici degli Europei - Statistics

Statistiche generali
  • Questo quiz è stato fatto 30 volte
    18 dall'ultimo reset
  • Il punteggio medio è 8 su 17
Statistiche sulle risposte
Edizione Nazione Capitano % Corretto
2016 Portogallo Cristiano Ronaldo
100%
2020 Italia Giorgio Chiellini
100%
2024 Spagna Álvaro Morata
93%
2008 Spagna Iker Casillas
87%
2012 Spagna Iker Casillas
87%
2000 Francia Didier Deschamps
80%
1984 Francia Michel Platini
67%
1972 Germania Ovest Franz Beckenbauer
53%
1988 Paesi Bassi Ruud Gullit
40%
1968 Italia Giacinto Facchetti
33%
1996 Germania Jürgen Klinsmann
20%
2004 Grecia Theodōros Zagorakīs
13%
1976 Cecoslovacchia Anton Ondruš
0%
1980 Germania Ovest Bernard Dietz
0%
1964 Spagna Fernando Olivella
0%
1960 Unione Sovietica Igor' Netto
0%
1992 Danimarca Lars Olsen
0%
Nessun quiz corrispondente trovato
Distribuzione punteggi
Percentuale di utenti per punteggio
Percentile per numero di risposta
I tuoi punteggi nel tempo
Non hai fatto questo quiz dall'ultimo reset